New Testament theology. (Record no. 321)

000 -LEADER
fixed length control field 00584nam a2200193 a 4500
001 - CONTROL NUMBER
control field :::00013474$&:&@@
003 - CONTROL NUMBER IDENTIFIER
control field OkBaRHE
005 - DATE AND TIME OF LATEST TRANSACTION
control field 20100323203604.0
008 - FIXED-LENGTH DATA ELEMENTS--GENERAL INFORMATION
fixed length control field s1981 j 000 0 eng u
020 ## - INTERNATIONAL STANDARD BOOK NUMBER
International Standard Book Number 087784965X
040 ## - CATALOGING SOURCE
Transcribing agency
100 1# - MAIN ENTRY--PERSONAL NAME
Personal name Guthrie, Donald, 1916-
245 10 - TITLE STATEMENT
Title New Testament theology.
260 ## - PUBLICATION, DISTRIBUTION, ETC. (IMPRINT)
Place of publication, distribution, etc Leicester, UK:EN., :
Name of publisher, distributor, etc Inter-Varsity Press
Date of publication, distribution, etc 1981
300 ## - PHYSICAL DESCRIPTION
Extent 1064 p. ;
Dimensions 24 cm.
650 ## - SUBJECT ADDED ENTRY--TOPICAL TERM
Topical term or geographic name as entry element Bible New Testament
General subdivision Theology
942 ## - ADDED ENTRY ELEMENTS (KOHA)
Source of classification or shelving scheme
Koha item type Books
Copies
Not for loan Date acquired Price effective from Withdrawn status Damaged status Koha item type Barcode Date last seen Permanent Location Full call number Copy number Collection code Source of classification or shelving scheme Lost status Shelving location
 2010-04-142010-04-14  Books134742018-03-16RHEMA Bible Training CollegeBS 2397 .G841Reference  General Stacks